[Event "18th Aeroflot Open-A 2020"]
[Site "Moscow"]
[Date "2020.02.23"]
[Round "5.15"]
[White "Deac, Bogdan-Daniel"]
[Black "Aryan Chopra"]
[Result "1/2-1/2"]
[WhiteElo "2626"]
[BlackElo "2562"]
[Annotator "TA"]
[PlyCount "113"]
[EventDate "2020.02.19"]
[EventType "swiss"]
[EventCountry "RUS"]
[SourceTitle "playchess.com"]
[Source "ChessBase"]
[SourceQuality "1"]

{[%evp 9,113,16,26,15,30,18,17,20,29,26,31,19,18,18,16,8,18,12,8,6,18,13,10,0,12,8,19,29,27,0,0,0,0,0,7,0,0,0,45,48,47,14,43,26,50,49,65,67,65,54,105,62,69,73,75,78,70,66,73,54,54,43,43,43,43,43,43,34,34,2,0,0,17,8,8,8,8,8,8,4,8,8,8,8,8,8,8,8,8,8,8,8,8,8,8,0,0,0,0,0,0,-8,0,0,8,8]} 1. c4 Nf6 2. Nc3 c5 3. Nf3 d5 4. cxd5 Nxd5 5. e3 Nxc3 6. dxc3 {A34: Symmetrical English: 2 Nc3, lines with ...d5.} Qxd1+ 7. Kxd1 Nc6 8. e4 Bd7 9. Be3 e6 {[#]} 10. Nd2 $146 ({Predecessor:} 10. Kc2 Be7 11. Rd1 O-O-O 12. Be2 f6 13. Nd2 Ne5 14. f3 Kc7 15. Nc4 Nxc4 {½-½ (15) Miles,A (2555)-Tal,M (2620) Las Palmas 1977}) 10... Be7 11. f4 O-O-O 12. Kc2 h6 13. Bd3 e5 14. g3 exf4 15. gxf4 g5 16. Raf1 gxf4 17. Bxf4 Bh3 18. Rf2 Bh4 19. Bg3 (19. Bf1 {looks sharper.} Be6 20. Rg2 Be7 21. Nc4 Bg5 22. Bg3) 19... Bxg3 20. hxg3 Be6 21. Rh5 b6 22. Rf6 Kc7 23. b3 Rd7 {[#] Threatens to win with ...Rhd8.} 24. Bc4 Rhd8 25. Rf2 (25. Bd5 $5) 25... Re8 26. Bd5 Nd8 27. Rf6 Rg8 28. Nf1 Re7 29. Kd2 Rd7 (29... Rge8 $14) 30. Rfxh6 f5 31. Rh7 fxe4 32. Rxd7+ Kxd7 33. Bxe4 Nf7 34. c4 Kd6 35. Bd5 (35. Ke3 {with more complications.} Ne5 36. Nd2 Nd7 37. Kf4 Rg4+ 38. Kf3) 35... Bxd5 36. Rxd5+ $14 {[%mdl 4096] Endgame KRN-KRN} Ke6 37. Rh5 Nd6 38. Ke2 Ne4 39. Kf3 Nc3 {The position is equal.} 40. Rh7 Ra8 41. a4 {[%cal Ba2a4,Ba4a5,Ba5b6,Bb6b7][%mdl 32]} Rf8+ 42. Kg2 Ne4 $1 43. Rxa7 {Black should prevent Rb7.} Rf2+ 44. Kg1 {next Rb7 is good for White.} Rb2 45. Rb7 Rxb3 46. a5 Nxg3 47. Rxb6+ Rxb6 48. axb6 $11 {[#] Black must now prevent b7. KN-KN} Ne2+ 49. Kf2 Nd4 50. b7 Nc6 51. Nd2 Kd6 52. Ne4+ Kc7 53. Nxc5 Na5 54. Ne6+ Kxb7 55. c5 Nb3 56. Ke3 Nxc5 57. Nxc5+ {Accuracy: White = 93%, Black = 93%.} 1/2-1/2

[Event "18th Aeroflot Open-A 2020"]
[Site "Moscow"]
[Date "2020.02.23"]
[Round "5.16"]
[White "Zvjaginsev, Vadim"]
[Black "Pranesh M"]
[Result "1-0"]
[WhiteElo "2623"]
[BlackElo "2425"]
[Annotator "TA"]
[PlyCount "89"]
[EventDate "2020.02.19"]
[EventType "swiss"]
[EventCountry "RUS"]
[SourceTitle "playchess.com"]
[Source "ChessBase"]
[SourceQuality "1"]

{[%evp 13,89,4,7,9,23,14,32,6,19,15,77,84,74,79,104,99,109,70,93,65,129,11,11,11,12,12,12,12,9,10,9,9,29,29,23,23,26,22,33,0,0,0,0,0,0,0,0,0,0,0,0,0,0,0,0,0,0,0,0,8,536,325,397,272,1280,1229,2297,2407,5189,2823,29984,29983,29985,29986,29987,29987,29992,29993]} 1. Nf3 Nf6 2. c4 e6 3. g3 d5 4. Bg2 Be7 5. d4 O-O 6. Nc3 dxc4 7. Ne5 Nc6 8. Bxc6 {E06: Closed Catalan: Early deviations.} bxc6 9. Nxc6 Qe8 10. Nxe7+ {White is slightly better.} Qxe7 11. Qa4 e5 (11... c5 $11 12. dxc5 Qxc5) 12. dxe5 $16 Qxe5 13. Qxc4 Bh3 14. Bf4 {[#]} Qh5 $146 ({Predecessor:} 14... Qe7 15. O-O-O Rab8 16. Rd2 Rb7 17. Bg5 Bf5 18. Nd5 Qe4 19. Qxe4 Bxe4 20. Ne7+ Kh8 {½-½ (61) Rocabert Andreu,G (2234)-Taboas Rodriguez,D (2298) Benidorm 2002}) 15. O-O-O Be6 16. Qd4 ({But not} 16. Qxc7 $6 Ne4 $11) 16... c5 ({Better is} 16... Qa5 $14) 17. Qe5 ({White should play} 17. Qd6 $16) 17... Qxe5 $11 18. Bxe5 Ng4 {[%mdl 64] Double Attack} 19. Bd6 $1 {[%cal Rd6f8]} Nxf2 {[%mdl 64] Double Attack} 20. Bxf8 Kxf8 21. Rhf1 Nxd1 22. Rxd1 {[%mdl 4096] Endgame KRB-KRN} Ke7 23. Nd5+ Bxd5 $1 24. Rxd5 {KR-KR} Rc8 $1 25. Kc2 Rc6 26. Kc3 Rh6 27. Rxc5 Rxh2 28. Rc7+ Ke6 29. Rxa7 Rg2 30. b4 Rxg3+ 31. Kc4 h5 32. b5 h4 {And now ...h3 would win.} 33. b6 {Black must now prevent b7.} Rg1 $1 34. Ra8 Rb1 $1 {[%cal Rb1b6]} 35. Kc5 {a4 is the strong threat.} g5 36. a4 {[%cal Ba2a4,Ba4a5,Ba5a6,Ba6a7][%mdl 32] Strongly threatening a5.} Kf6 $2 {[%mdl 8192] [#] Black cannot hold the game after this.} (36... g4 $11 37. a5 g3) 37. Rg8 $1 $18 {aiming for a5.} h3 38. Rh8 g4 $2 (38... Rc1+ 39. Kd5 Rd1+ 40. Ke4 Rb1) 39. a5 Rb3 40. Kc4 Rb1 41. a6 Kg7 {[#]} 42. a7 $1 {[%mdl 512] White mates.} Kxh8 {[#]} 43. b7 $1 {[%mdl 512]} Rc1+ (43... Rxb7 44. a8=Q+) 44. Kd3 h2 45. b8=Q+ {[%mdl 64] Double Attack. Accuracy: White = 79%, Black = 54%.} 1-0

[Event "18th Aeroflot Open-A 2020"]
[Site "Moscow"]
[Date "2020.02.23"]
[Round "5.17"]
[White "Zhou, Jianchao"]
[Black "Sychev, Klementy"]
[Result "1/2-1/2"]
[WhiteElo "2622"]
[BlackElo "2563"]
[Annotator "TA"]
[PlyCount "38"]
[EventDate "2020.02.19"]
[EventType "swiss"]
[EventCountry "RUS"]
[SourceTitle "playchess.com"]
[Source "ChessBase"]
[SourceQuality "1"]

{[%evp 9,38,34,25,24,19,21,19,6,23,16,21,-1,-7,0,0,0,1,-2,0,0,0,-17,0,-4,-14,-12,0,-3,-1,-14,0]} 1. d4 d5 2. c4 e6 3. Nc3 Bb4 4. cxd5 exd5 5. Bf4 c6 6. e3 {D31: Queen's Gambit Declined: Semi-Slav without ...Nf6 (+ Marshall Gambit and Noteboom) and Exchange Variation lines without ...Nf6.} Ne7 7. Bd3 Bf5 8. Nge2 O-O 9. O-O Bd6 {[#] The position is equal.} 10. Bg5 $146 {[#] Bxf5 is the strong threat.} ({Predecessor:} 10. f3 Bxd3 11. Qxd3 Na6 12. e4 Bxf4 13. Nxf4 Rc8 14. Rad1 Nc7 15. e5 Ne6 16. Nh5 {0-1 (62) Moiseenko,A (2648)-Sanikidze,T (2548) Almaty 2016}) 10... Bxd3 11. Qxd3 Na6 12. f3 f6 13. Bh4 Ng6 14. Bf2 f5 15. Kh1 Nc7 16. e4 fxe4 17. fxe4 Qd7 18. exd5 cxd5 19. Bg3 Rxf1+ {An uneventful encounter. Accuracy: White = 100%, Black = 100%.} 1/2-1/2

[Event "18th Aeroflot Open-A 2020"]
[Site "Moscow"]
[Date "2020.02.23"]
[Round "5.18"]
[White "Erigaisi Arjun"]
[Black "Kobalia, Mikhail"]
[Result "1/2-1/2"]
[WhiteElo "2563"]
[BlackElo "2609"]
[Annotator "TA"]
[PlyCount "93"]
[EventDate "2020.02.19"]
[EventType "swiss"]
[EventCountry "RUS"]
[SourceTitle "playchess.com"]
[Source "ChessBase"]
[SourceQuality "1"]

{[%evp 9,93,26,40,17,22,20,26,-6,39,37,45,39,54,48,49,43,19,32,19,24,34,21,26,23,27,10,24,24,23,27,24,17,18,0,0,6,22,11,37,14,22,0,0,0,0,-7,0,0,0,0,45,46,87,78,73,73,78,27,76,52,44,41,42,34,50,18,51,0,0,0,0,0,0,0,0,0,0,0,0,0,0,0,0,0,0,0]} 1. d4 d5 2. c4 c6 3. Nf3 Nf6 4. e3 a6 5. Bd3 Bg4 6. Nbd2 {D11: Slav Defence: 3 Nf3 sidelines and 3...Nf6 4 e3 Bg4.} e6 7. O-O Nbd7 8. Qc2 {White has an edge.} Bd6 9. b3 Bh5 10. Bb2 Qb8 11. h3 Bg6 12. e4 dxe4 13. Nxe4 Nxe4 14. Bxe4 O-O 15. Rad1 {[#]} Re8 $146 ({Predecessor:} 15... a5 16. a4 Qc7 17. Rfe1 Rfd8 18. Bc3 Be7 19. Bxg6 hxg6 20. Nd2 b6 21. Re2 Nf6 {1-0 (43) Malaniuk,V (2525)-Berry,N (2300) Krakow 2003}) 16. Rfe1 Qc7 17. Nd2 Nf6 18. Bxg6 hxg6 19. c5 Bh2+ 20. Kh1 {Threatens to win with g3.} Bf4 21. Nc4 Qe7 22. Bc1 Bc7 23. Bg5 Qd7 24. Qc1 Nd5 25. Ne5 Qc8 26. Bh4 (26. Bd2 {is more complex.} a5 27. Kg1 Rd8 28. a4 Qb8 29. Qc4) 26... a5 27. a3 Bxe5 28. dxe5 b6 29. Re4 Rb8 30. Bf6 Ne7 ({And not} 30... gxf6 31. Qh6 g5 {[#]} 32. Rxd5 $1 {[%mdl 512]} Qd8 33. Rxd8 fxe5 34. Qxg5+ Kf8 35. Rh4 $1 {[%mdl 512]} f5 36. Qf6+ Kg8 37. Rh8#) 31. Bxe7 Rxe7 32. cxb6 Re8 33. Red4 (33. Qc5 $16 {And now b4 would win.} Qa6 34. Qxc6) 33... Qb7 34. Rd7 Qxb6 35. Qf4 Rf8 36. R1d3 Rb7 37. R7d4 Qc5 38. b4 (38. a4 $1 $14) 38... axb4 $11 {The position is equal.} 39. axb4 Qc2 40. Qe3 Rb5 41. Rc3 Qb2 42. Rcc4 Rd5 43. Kh2 Ra8 44. Rc3 Rxd4 45. Qxd4 g5 46. Qe3 Qxb4 47. Rxc6 {Accuracy: White = 89%, Black = 82%.} 1/2-1/2

[Event "18th Aeroflot Open-A 2020"]
[Site "Moscow"]
[Date "2020.02.23"]
[Round "5.19"]
[White "Svane, Rasmus"]
[Black "Zanan, Evgeny"]
[Result "1/2-1/2"]
[WhiteElo "2608"]
[BlackElo "2500"]
[Annotator "TA"]
[PlyCount "43"]
[EventDate "2020.02.19"]
[EventType "swiss"]
[EventCountry "RUS"]
[SourceTitle "playchess.com"]
[Source "ChessBase"]
[SourceQuality "1"]

{[%evp 9,43,15,21,0,0,-6,33,11,22,11,12,0,0,0,0,0,14,5,18,0,0,0,0,0,0,0,0,0,0,0,0,0,0,0,2,5]} 1. Nf3 c5 2. c4 Nc6 3. Nc3 e5 4. e3 Nf6 5. d4 e4 6. d5 {A34: Symmetrical English: 2 Nc3, lines with ...d5.} exf3 7. dxc6 bxc6 8. e4 {White is slightly better.} Qc7 {The position is equal.} 9. Qxf3 Bd6 10. g3 Be5 11. Bg2 O-O {[#]} 12. Bf4 $146 ({Predecessor:} 12. O-O Ba6 13. Qd3 Rab8 14. Rb1 Rb4 15. b3 Bxc4 16. bxc4 Bxc3 17. Bf4 Be5 18. Bxe5 Qxe5 {1-0 (33) Khismatullin,D (2621)-Fier,A (2561) Moscow 2019}) 12... Rb8 13. Bxe5 Qxe5 14. Qe2 d5 15. f4 Qd4 {[#] Threatens to win with ...Bg4.} 16. Rd1 $1 {[%cal Rd1d4]} Bg4 17. Rxd4 Bxe2 18. Rd2 Bxc4 {Hoping for ...dxe4.} 19. b3 Ba6 20. exd5 cxd5 21. Nxd5 c4 22. Nxf6+ {An uneventful encounter. Accuracy: White = 93%, Black = 92%.} 1/2-1/2

[Event "18th Aeroflot Open-A 2020"]
[Site "Moscow"]
[Date "2020.02.23"]
[Round "5.20"]
[White "Karthikeyan, Murali"]
[Black "Visakh N R"]
[Result "1/2-1/2"]
[WhiteElo "2602"]
[BlackElo "2518"]
[Annotator "TA"]
[PlyCount "68"]
[EventDate "2020.02.19"]
[EventType "swiss"]
[EventCountry "RUS"]
[SourceTitle "playchess.com"]
[Source "ChessBase"]
[SourceQuality "1"]

{[%evp 13,68,12,12,-10,27,25,25,27,43,21,17,10,21,0,23,9,16,-13,59,44,50,36,51,52,64,71,76,77,74,74,77,78,81,74,98,88,109,91,128,43,39,47,62,58,59,52,54,0,0,0,0,0,0,0,0,0,0]} 1. e4 c5 2. Nf3 d6 3. d4 cxd4 4. Nxd4 Nf6 5. Nc3 a6 6. Be3 e5 7. Nf3 Be7 8. Nd2 {B90: Sicilian Najdorf: Unusual White 6th moves, 6 Be3 Ng4 and 6 Be3 e5.} Ng4 9. Nc4 {[#] Black must now prevent Bb6.} Nxe3 10. Nxe3 {White has an edge.} O-O 11. Ncd5 Be6 12. Be2 Nd7 13. O-O {[#]} Rc8 $146 ({Predecessor:} 13... Bg5 14. c3 g6 15. Qc2 Rc8 16. a4 f5 17. exf5 gxf5 18. Rad1 Kh8 19. f4 exf4 20. Nxf4 {0-1 (53) Pensimus,P (1731)-Sanchez Carol,J (2231) ICCF email 2017}) 14. c3 Bg5 15. Nf5 Bxf5 (15... Nc5 $11) 16. exf5 $14 Re8 17. Qb3 Nc5 18. Qc2 e4 19. Rad1 Re5 20. Rd4 g6 21. fxg6 hxg6 22. Rfd1 f5 23. Ne3 Bxe3 24. fxe3 Qg5 25. Qd2 Rd8 26. Rxd6 ({White should try} 26. h4 $16 Qe7 27. Rxd6 Rxd6 28. Qxd6) 26... Rxd6 27. Qxd6 Qxe3+ 28. Kh1 Nd3 $1 {[%cal Rd3f2]} 29. Qxg6+ Kh8 30. Qf6+ (30. Bxd3 $1 $14 exd3 31. h3) 30... Kh7 $11 {[#] ( -> ...Nf2+). The position is equal.} 31. Bxd3 exd3 32. h3 {Threatens to win with Rxd3.} Qg3 33. Qf7+ Kh6 34. Qf6+ Kh7 {Accuracy: White = 80%, Black = 83%.} 1/2-1/2

[Event "18th Aeroflot Open-A 2020"]
[Site "Moscow"]
[Date "2020.02.23"]
[Round "5.21"]
[White "Antipov, Mikhail Al."]
[Black "Praggnanandhaa R"]
[Result "1-0"]
[WhiteElo "2562"]
[BlackElo "2602"]
[Annotator "TA"]
[PlyCount "77"]
[EventDate "2020.02.19"]
[EventType "swiss"]
[EventCountry "RUS"]
[SourceTitle "playchess.com"]
[Source "ChessBase"]
[SourceQuality "1"]

{[%evp 14,77,24,9,22,10,23,9,10,0,5,0,46,45,54,60,73,59,58,60,104,92,114,104,91,78,87,80,230,186,186,186,186,179,208,210,218,205,221,203,218,205,262,251,325,289,323,307,308,290,273,267,298,283,529,519,1929,1890,1846,1846,1884,1897,29985,29986,29990,29991]} 1. e4 e5 2. Nf3 Nc6 3. Bc4 Nf6 4. d3 Bc5 5. O-O d6 6. c3 O-O 7. Re1 {Nowadays more popular than 7.Bb3.} h6 8. h3 a6 {C54: Giuoco Piano: 4 c3 Nf6, main lines with 5 d4 and 5 d3.} 9. a4 a5 10. Nbd2 Be6 {[#] The position is equal.} 11. Ra2 $1 $146 {[%mdl 8] An important novelty.} ({Predecessor:} 11. b3 Re8 12. Bb5 Bd7 13. Bb2 Ba7 14. Nf1 Ne7 15. Bxd7 Qxd7 16. Ng3 Ng6 17. d4 {1-0 (40) Le,Q (2713)-Vidit,S (2721) Moscow 2019}) 11... Re8 12. b3 Bxc4 (12... d5 {feels hotter.} 13. Bb5 Bd6 14. Bb2 Qe7 15. exd5 Nxd5 16. Nc4 Qf6) 13. bxc4 Bb6 14. Nf1 Ne7 15. Nh4 Ng6 16. Nf5 Re6 17. Qf3 c6 18. Rb2 d5 19. Bd2 dxe4 20. dxe4 Nd7 (20... Rb8 $16 {keeps fighting.}) 21. Rd1 {Hoping for Bxh6!} Nh4 22. Nxh4 Qxh4 23. Be1 $40 {[%mdl 128] Black is in trouble.} Rd8 {[#]} (23... Rf6 $2 24. Qg4 $18) 24. Rxd7 $1 {[%mdl 576] Remove Defender} Rxd7 25. Rxb6 Qe7 26. Rb3 Qc5 27. Ne3 g6 28. Qe2 Red6 29. Kh2 Kg7 30. Qb2 Re6 31. Bd2 Qd6 32. Bc1 Qd3 33. f3 ({Don't take} 33. Rxb7 $6 Rxb7 34. Qxb7 Qxc3 $18) 33... f5 $2 (33... h5 {was called for.} 34. c5 (34. Rxb7 Rxb7 35. Qxb7 Qxc3 $18) 34... Re8) 34. Rxb7 $18 f4 {[#]} (34... Ree7 $142) 35. Nd5 $1 Red6 (35... cxd5 36. Rxd7+) 36. c5 {[%cal Bc4c5,Bc5d6][%mdl 32]} Qa6 37. Rb6 Qf1 38. cxd6 Qe1 {[#]} 39. Bxf4 $1 {Black got outplayed after the opening. Accuracy: White = 100%, Black = 47%.} 1-0

[Event "18th Aeroflot Open-A 2020"]
[Site "Moscow"]
[Date "2020.02.23"]
[Round "5.22"]
[White "Sargissian, Gabriel"]
[Black "Ivic, Velimir"]
[Result "1-0"]
[WhiteElo "2689"]
[BlackElo "2558"]
[Annotator "TA"]
[PlyCount "100"]
[EventDate "2020.02.19"]
[EventType "swiss"]
[EventCountry "RUS"]
[SourceTitle "playchess.com"]
[Source "ChessBase"]
[SourceQuality "1"]

{[%evp 23,100,21,31,25,33,33,31,32,27,9,19,12,30,30,29,38,30,36,40,27,33,26,27,31,37,38,45,27,30,27,37,39,62,61,65,68,57,64,171,172,162,159,161,156,315,301,288,261,517,491,668,658,645,648,801,698,810,805,683,675,3292,1752,866,432,1644,1275,29950,3310,29956,29957,29958,29959,29968,29968,29973,29972,29972,29972,29971]} 1. d4 Nf6 2. c4 g6 3. Nc3 d5 4. Nf3 Bg7 5. Bg5 Ne4 6. Bf4 Nxc3 7. bxc3 c5 8. cxd5 Qxd5 9. e3 O-O 10. Be2 cxd4 11. cxd4 Nc6 12. O-O Bf5 13. Qa4 {D80: Grünfeld: Unusual White 4th moves and 4 Bg5.} Qa5 14. Qxa5 {14.Qb3 is vanishing.} Nxa5 15. Nd2 {White is slightly better.} Rac8 16. g4 $5 {[%mdl 4] An interesting side line.} Be6 17. Rfc1 {[#]} Rxc1+ $146 ({Predecessor:} 17... Bd5 18. g5 Rfe8 19. h4 Bc6 20. Rc3 e5 21. dxe5 Rxe5 22. Rac1 Ree8 23. R3c2 Bf8 {½-½ (54) Noble,M (2465)-Castro Salguero,R (2396) ICCF email 2016}) 18. Rxc1 Rc8 19. Rxc8+ Bxc8 20. d5 Bc3 21. Ne4 Bb4 22. Bb8 f5 23. Ng3 Bc5 24. gxf5 gxf5 25. Bd3 e6 26. e4 fxe4 27. Nxe4 Bd4 28. Nd6 Bd7 29. Bb5 $1 {[%cal Rb5d7]} Bxb5 30. Nxb5 e5 (30... Bc5 $14) 31. Bxa7 ({Don't take} 31. Nxd4 $6 exd4 32. Bxa7 d3 $14) 31... Bxa7 32. Nxa7 $18 {[%mdl 4096] Endgame KN-KN} Nc4 33. Nb5 e4 $2 {Loses the game.} (33... Kf7 $16) 34. Nc3 e3 35. fxe3 Nxe3 $2 (35... Kf7 36. Kf2 Kf6 37. Ne4+ Ke5) 36. Kf2 Nc4 37. Kf3 Kf7 38. Kf4 Ke7 39. h4 Kd6 40. Kg5 Ne3 {[#]} 41. h5 $1 Nf1 42. Kf6 Ng3 43. h6 Nh5+ (43... b5 $142 44. Nxb5+ Kxd5 45. Nc3+ Kd4) 44. Kf7 Nf4 45. Kg7 (45. Kg8 $142 Ke7 {[#]} 46. d6+ $1 {[%mdl 512]} Kf6 47. d7 Ke7 48. Kxh7 Ne6 49. Ne4 Kf7 50. Nd6+ Ke7 51. Kg8 Kxd6 52. h7 Kxd7 53. h8=Q) 45... Ke7 {[#]} 46. d6+ $1 {[%mdl 512] White mates.} Kxd6 47. Kxh7 Ke5 48. Kg8 Nh5 {[#]} 49. Ne4 $1 {[%mdl 576] Promotion} Kxe4 50. Kf7 Kd5 {Accuracy: White = 100%, Black = 49%.} 1-0

[Event "18th Aeroflot Open-A 2020"]
[Site "Moscow"]
[Date "2020.02.23"]
[Round "5.23"]
[White "Maghsoodloo, Parham"]
[Black "Kunin, Vitaly"]
[Result "1-0"]
[WhiteElo "2674"]
[BlackElo "2550"]
[Annotator "TA"]
[PlyCount "85"]
[EventDate "2020.02.19"]
[EventType "swiss"]
[EventCountry "RUS"]
[SourceTitle "playchess.com"]
[Source "ChessBase"]
[SourceQuality "1"]

{[%evp 11,85,31,28,20,22,18,32,23,39,31,45,27,116,46,60,49,39,0,0,0,0,0,0,0,0,0,0,0,0,0,0,0,0,-107,-106,-106,-122,-114,-106,-79,-33,-45,0,-75,-64,-115,-97,-125,-123,-100,-53,-81,-66,-52,0,0,26,0,0,0,0,0,0,-153,0,0,0,-78,0,0,0,0,2024,1458,1541,1579]} 1. e4 c5 2. Nc3 d6 3. Nf3 Nf6 4. d4 cxd4 5. Nxd4 Bd7 6. Bg5 e6 7. Ndb5 {B56: Classical Sicilian: Unusual Lines.} Bxb5 {is recently more successful than 7...Bc6. Played by Magnus Carlsen in December 2019.} 8. Bxb5+ Nc6 9. Qf3 {White is slightly better.} Be7 10. e5 Nd5 11. Bxe7 {[#]} Qxe7 $146 (11... Ndxe7 $11 12. Ne4 O-O) ({Predecessor:} 11... Ndxe7 12. exd6 Qxd6 13. O-O O-O 14. Rfd1 Qc5 15. Qe4 Rad8 16. Bxc6 Nxc6 17. Na4 Qh5 {½-½ (31) Shytaj,L (2466)-Kogan,A (2541) La Massana 2010}) 12. Qg3 (12. exd6 $16 Qxd6 13. O-O-O Qf4+ 14. Qxf4 Nxf4 15. Rd4) 12... dxe5 13. Qxg7 Qf6 14. Qg3 O-O-O 15. Bxc6 bxc6 16. Qd3 Nb4 17. Qe2 Qg6 18. O-O $1 Nxc2 19. Ne4 Nd4 (19... Rhg8 $5 20. g3 $8 Nd4 21. Qa6+ {[%mdl 64] Double Attack} Kd7 $11) 20. Qa6+ {[%mdl 64] Double Attack} Kd7 21. f3 Rhg8 $40 {[%csl Gg8][%cal Rg6g2][%mdl 128] Black has some attack.} 22. Rf2 {[#]} (22. g3 $11) 22... Nxf3+ $1 $17 {[%mdl 576] Pin} 23. Kh1 (23. Rxf3 Qxg2#) 23... Qxe4 24. Rxf3 Ke8 25. Qxa7 {[%csl Gf3][%cal Ra7f7]} Rg7 26. Rg1 Rd7 27. Qa3 (27. Qa8+ $11 {remains equal.} Rd8 28. Qb7) 27... f5 28. h3 ({Only move:} 28. Qc3 $1 $15) 28... Kf7 29. Re3 Qd4 30. Rc3 Ra7 31. Qb3 Qd5 32. Qb8 Rxa2 (32... Rd7 $15) 33. Rb3 $1 $11 {[%cal Rb3b7]} h6 34. h4 Kg6 {Strongly threatening ...Ra4.} (34... Ra4 $5 35. Rb7+ $8 Kg6 36. Qe8+ Kh7 $1 {[%mdl 512]} 37. Rxg7+ Kxg7 38. Qe7+ Kg8 39. Qe8+ Kh7 40. Qf7+ Kh8 41. Qe8+ Kh7 42. Qf7+ Kh8 43. Qe8+ Kh7 $11) 35. Qe8+ Kh7 $1 {( -> ...Ra1)} 36. Rb8 {Intending h5 and mate.} Qd7 37. Qh8+ $1 Kg6 {And now ...Kh5 would win.} 38. g4 $1 {[%cal Rg4g5] Threatens to win with g5.} Ra4 39. b4 {[#]} (39. gxf5+ {gets mated.} Kh5 40. Qxh6+ Kxh6 41. Rh8+ Rh7 42. Rg6+ Kh5 $1 {[%mdl 512]} 43. Rhg8 Rxh4+ 44. Kg2 Qd2+ 45. Kg1 Qe1+ 46. Kg2 Qh1+ 47. Kg3 Rh3+ 48. Kf2 Rf3+ {[%mdl 64] Double Attack} 49. Ke2 Qf1+ 50. Kd2 Rd7+ 51. Kc2 Qd1#) (39. Rd8 $11 {keeps the balance.} Qe7 40. gxf5+ Kh5 41. Rxg7 Qxh4+ 42. Kg2 Qe4+ 43. Kg3 Qh4+ 44. Kg2 Qe4+ 45. Kg3 Qh4+ 46. Kg2) 39... Qd5+ (39... f4 $1 $17 {Hoping for ...Ra3.} 40. Rd8 {[#]} Qe7 $1 {[%mdl 512]}) 40. Rg2 {Black must now prevent gxf5+.} Raa7 41. g5 Rh7 $2 {[%mdl 8192]} (41... hxg5 $11 42. h5+ Kf6 43. Rf8+ Raf7) 42. Qf6+ $18 Kh5 43. gxh6 {Accuracy: White = 73%, Black = 74%.} 1-0

[Event "18th Aeroflot Open-A 2020"]
[Site "Moscow"]
[Date "2020.02.23"]
[Round "5.24"]
[White "Kovalev, Vladislav"]
[Black "Moroni, Luca Jr"]
[Result "1/2-1/2"]
[WhiteElo "2650"]
[BlackElo "2536"]
[Annotator "TA"]
[PlyCount "58"]
[EventDate "2020.02.19"]
[EventType "swiss"]
[EventCountry "RUS"]
[SourceTitle "playchess.com"]
[Source "ChessBase"]
[SourceQuality "1"]

{[%evp 24,58,15,7,18,36,28,19,29,30,22,18,10,0,-18,-16,-19,-31,-29,-28,-38,-66,-43,-39,-43,-59,-67,-75,-60,-100,-79,-126,-86,-95,-99,-113,-58]} 1. e4 e5 2. Nf3 Nc6 3. Bb5 a6 4. Ba4 Nf6 5. O-O b5 6. Bb3 Bc5 7. c3 d6 8. a4 Rb8 9. d4 Bb6 10. axb5 axb5 11. Na3 O-O 12. Nxb5 Bg4 13. Bc2 Bxf3 {C78: Ruy Lopez: Archangelsk and Möller Defences.} 14. gxf3 Nh5 15. f4 Nxf4 {[#] ( -> ...Qg5+). The position is equal.} 16. Bxf4 exf4 17. Qg4 Qf6 18. Kh1 Ne7 19. Na3 {[#]} c5 $146 ({Predecessor:} 19... Ng6 20. Nc4 Rfe8 21. Ra6 Kf8 22. e5 dxe5 23. d5 Qd8 24. Be4 {½-½ (24) Joba,A (1980)-Forgacs,A (1729) Gyor 2016}) 20. e5 dxe5 21. dxe5 Qxe5 22. Rad1 Rbd8 23. Nc4 Qf6 24. Qf3 Bc7 25. Rfe1 Ng6 26. Be4 Rxd1 {Black is better.} 27. Rxd1 Qe7 28. Bxg6 hxg6 29. Kg2 Qg5+ {Accuracy: White = 75%, Black = 84%.} ({Black should play} 29... g5 $17 30. h3 g6) 1/2-1/2

[Event "18th Aeroflot Open-A 2020"]
[Site "Moscow"]
[Date "2020.02.23"]
[Round "5.25"]
[White "Grigoriants, Sergey"]
[Black "Shtembuliak, Evgeny"]
[Result "1/2-1/2"]
[WhiteElo "2539"]
[BlackElo "2628"]
[Annotator "TA"]
[PlyCount "100"]
[EventDate "2020.02.19"]
[EventType "swiss"]
[EventCountry "RUS"]
[SourceTitle "playchess.com"]
[Source "ChessBase"]
[SourceQuality "1"]

{[%evp 13,100,31,29,25,57,33,34,6,22,-4,30,17,20,1,14,0,6,0,0,0,0,0,0,0,0,-21,14,17,6,0,0,0,0,-10,-5,-5,21,-6,-11,-12,16,16,16,0,0,-22,-20,-21,0,0,4,0,0,0,0,0,0,0,0,0,25,8,41,0,0,0,0,0,0,-8,0,-21,0,-11,-3,-77,-23,0,0,0,0,0,0,0,8,0,0,0,8]} 1. e4 d6 2. d4 g6 3. Nf3 Nf6 4. Nc3 Bg7 5. Be2 O-O 6. O-O a6 $1 {[%mdl 4] is recently more successful than 6...c6.} 7. Re1 Nc6 8. h3 {B08: Pirc Defence: Classical System.} e6 9. Bf4 b5 10. a3 {White is slightly better.} Bb7 {[#]} 11. Qd2 $146 ({Predecessor:} 11. Bg5 Ne7 12. e5 Nd7 13. Qd2 dxe5 14. dxe5 f6 15. exf6 Bxf6 16. Bxf6 Nxf6 17. Qe3 {1-0 (42) Abdelmoumen,A (1824)-Kaufmann,M (2167) IECG email 2001}) 11... Ne7 12. Bf1 c5 13. dxc5 dxc5 14. Bd6 Rc8 15. Rad1 Ne8 $1 16. Be5 Qxd2 17. Rxd2 Nf6 18. Bd6 Rfe8 19. e5 Nfd5 20. Ne4 c4 21. Nc5 Ba8 22. Nd4 Nc6 23. Nxc6 Rxc6 24. Ne4 Rd8 25. Be7 Rd7 26. Bf6 Rcc7 27. Bxg7 Kxg7 28. c3 Kf8 29. g3 Nb6 {And now ...Bxe4 would win.} 30. Nd6 Rc5 31. f4 Rd5 32. Red1 Na4 33. Bg2 Rxd2 34. Rxd2 Bxg2 35. Kxg2 $11 {[%mdl 4096] Endgame KRN-KRN} Ke7 36. Kf3 Rc7 37. Ne4 Rd7 38. Nd6 h6 39. Nc8+ Kd8 40. Nd6 {Black should prevent Nxf7+.} Kc7 41. Ke3 Kc6 42. h4 Nc5 43. Rh2 f6 44. Rd2 (44. h5 $1 $11 g5 45. fxg5 fxg5 46. Rd2) 44... h5 (44... Nd3 $17) 45. a4 f5 {The position is equal.} 46. axb5+ axb5 47. Rd4 Nb3 48. Rd1 Nc5 49. Rd4 Nb3 50. Rd1 Nc5 {Accuracy: White = 84%, Black = 76%.} 1/2-1/2